Κατάλογος Βιβλιοθηκών Mediterranean College

Προσχολική Παιδαγωγική / Προβληματισμοί - Προτάσεις (Record no. 5794)

MARC details
000 -LEADER
fixed length control field 01968cam a22002054a 4500
005 - ΗΜΕΡΟΜΗΝΙΑ ΚΑΙ ΩΡΑ ΤΕΛΕΥΤΑΙΑΣ ΕΝΗΜΕΡΩΣΗΣ
Πεδίο ελέγχου 20250605164222.0
008 - FIXED-LENGTH DATA ELEMENTS--GENERAL INFORMATION
Πεδίο ελέγχου σταθερού μήκους 250528s ||||||||||||||||||||||||d
035 ## - SYSTEM CONTROL NUMBER
System control number 20709
020 ## - ISBN
ISBN 9606622118
040 ## - ΠΗΓΗ ΚΑΤΑΛΟΓΟΓΡΑΦΗΣΗΣ
Φορέας πρωτότυπης καταλογογράφησης MC Athens Campus Library
Γλώσσα καταλογογράφησης Ελληνικά, Μοντέρνα (1453-)
Modifying agency MC Athens Campus Library
Κανόνες περιγραφικής καταλογογράφησης AACR2
245 1# - ΤΙΤΛΟΣ ΚΑΙ ΔΗΛΩΣΗ ΥΠΕΥΘΥΝΟΤΗΤΑΣ
Τίτλος Προσχολική Παιδαγωγική / Προβληματισμοί - Προτάσεις
260 ## - PUBLICATION, DISTRIBUTION, ETC.
Name of publisher, distributor, etc. Ατραπός,
Date of publication, distribution, etc. 2005
300 ## - PHYSICAL DESCRIPTION
Extent 360
520 ## - SUMMARY, ETC.
Summary, etc. Το βιβλίο αυτό παρουσιάζει βασικές θέσεις της Προσχολικής Αγωγής, την οποία προσεγγίζει στη βάση μιας ''Ολιστικής Παιδαγωγικής''. Αντί Προλόγου, Προσχολική Εκπαίδευση και Σύγχρονες Διδακτικές Προτάσεις, Η Προοπτική της Διαθεματικής Προσέγγισης της Μάθησης στην Προσχολική Εκπαίδευση, Το Αναλυτικό Πρόγραμμα μέσα από το Πρίσμα της Κοινωνικής Παιδαγωγικής, Τα Παιδιά της Προσχολικής Ηλικίας Οργανώνουν τη Μάθηση τους, Ειδικά Θέματα - Προβλήματα - Παιδαγωγικές Δυνατότητες του Νηπιαγωγείου, Λειτουργικός Αναλφαβητισμός και Προσχολική Εκπαίδευση, Η Κοινωνικοπαιδαγωγική Εργασία με Αλλοδαπά Παιδιά στο Νηπιαγωγείο, Κοινωνικές Προσεγγίσεις της Μάθησης, Η Κοινωνική Μάθηση στο Νηπιαγωγείο, Κοινωνικές Ικανότητες των Παιδιών της Προσχολικής Ηλικιάς.
700 1# - ΠΡΟΣΘΕΤΗ ΑΝΑΓΡΑΦΗ--ΦΥΣΙΚΟ ΠΡΟΣΩΠΟ
Personal name Πανταζής Σπύρος Χ
9 (RLIN) 4025
700 1# - ΠΡΟΣΘΕΤΗ ΑΝΑΓΡΑΦΗ--ΦΥΣΙΚΟ ΠΡΟΣΩΠΟ
Personal name Σακελλαρίου Μαρία
9 (RLIN) 3727
942 ## - ADDED ENTRY ELEMENTS (KOHA)
Koha item type Books
Holdings
Τύπος τεκμηρίου Βιβλιοθήκη Τρέχουσα τοποθεσία Barcode Αριθμός εισαγωγής Ημερομηνία απόκτησης Ταξιθετικό σύμβολο Αριθμός αντιτύπου Κατάσταση απόσυρσης Κατάσταση χαμένου Κατάσταση κατεστραμμένου Μη δανεισμός Σύνολο δανεισμών Ημερομηνία τελευταίας εμφάνισης Η τιμή ισχύει από
Books MC Athens Campus Library MC Athens Campus Library 9780000057938 7342 05/06/2025 372.21 PAN 1           05/06/2025 05/06/2025

MC Athens Campus Library
Πατησίων 94 & Κοδριγκτώνος 13, 104 34
Πελλήνης 8 & Πατησίων 107, 112 51
Τ: +30 210 8899600

MC Thessaloniki Campus Library
Ίωνος Δραγούμη 21, 54625 | Ίωνος Δραγούμη 15, 54625
Τ: +30 2310 287779 – Τ: +30 2314 440300